Easy Learning English Conversations 2 : The easiest way to improve your spoken English (Record no. 327114)
[ view plain ]
| 000 -LEADER | |
|---|---|
| fixed length control field | 00425 a2200145 4500 |
| 001 - CONTROL NUMBER | |
| control field | 92041 |
| 082 ## - DEWEY DECIMAL CLASSIFICATION NUMBER | |
| Classification number | 428.34 WAL |
| 090 ## - LOCALLY ASSIGNED LC-TYPE CALL NUMBER (OCLC); LOCAL CALL NUMBER (RLIN) | |
| -- | 43999 |
| -- | 43998 |
| 100 ## - MAIN ENTRY--PERSONAL NAME | |
| Personal name | Elizabeth Walter and Kate Woodford |
| 245 ## - TITLE STATEMENT | |
| Title | Easy Learning English Conversations 2 : The easiest way to improve your spoken English |
| 250 ## - EDITION STATEMENT | |
| Edition statement | 2 |
| 260 ## - PUBLICATION, DISTRIBUTION, ETC. | |
| Place of publication, distribution, etc. | UK |
| Name of publisher, distributor, etc. | HarperCollins Publishers |
| Date of publication, distribution, etc. | 256p. |
| 300 ## - PHYSICAL DESCRIPTION | |
| Extent | Pb |
| Accompanying material | With audio CD |
| 500 ## - GENERAL NOTE | |
| General note | General Book |
| 942 ## - ADDED ENTRY ELEMENTS (KOHA) | |
| Institution code [OBSOLETE] | CAE NUST |
| Call number prefix | 428.34 WAL |
| Withdrawn status | Lost status | Damaged status | Not for loan | Collection code | Permanent Location | Current Location | Date acquired | Total Checkouts | Full call number | Barcode | Date last seen | Price effective from | Koha item type |
|---|---|---|---|---|---|---|---|---|---|---|---|---|---|
| College of Aeronautical Engineering (CAE) | College of Aeronautical Engineering (CAE) | 04/03/2017 | 428.34 WAL | CAE88431 | 04/05/2017 | 04/05/2017 | Book |
